| 000 | 00418pab a2200157 454500 | ||
|---|---|---|---|
| 008 | 180718b2003 xxu||||| |||| 00| 0 eng d | ||
| 100 | _aShankar, Kripa | ||
| 245 | _aTwentyfive years of left front government: a review | ||
| 260 | _c2003 | ||
| 300 | _ap.22-24. | ||
| 362 | _a22 Mar | ||
| 650 | _aWest Bengal - Politics and government | ||
| 650 | _aPolitics and government | ||
| 773 | _aMainstream | ||
| 909 | _a55852 | ||
| 999 |
_c55852 _d55852 |
||